| 000 | 00542cam a22002172a 4500 | ||
|---|---|---|---|
| 001 | 000402 | ||
| 003 | AR-FADEU | ||
| 008 | 311216n1983####xxu####################dd | ||
| 020 | _a0-521-28475-9 | ||
| 092 |
_a401.432 _bB877 _eMAESTRIA |
||
| 100 | _aBrown, Gillian | ||
| 245 | _aDiscourse analysis | ||
| 260 | _aNew York | ||
| 260 | _bCambridge University | ||
| 260 | _c1983 | ||
| 300 | _a288 p | ||
| 700 | _aGeorge, Yule | ||
| 650 | _a/LINGUISTICA/ANALISIS DEL DISCURSO/MAESTRIA//REVISADO/ | ||
| 546 | _ainglés | ||
| 942 | _cMAESTRIA | ||
| 999 |
_c6243 _d6243 |
||